| 000 | 00445nam a2200157Ia 4500 | ||
|---|---|---|---|
| 005 | 20250423095104.0 | ||
| 008 | 250422s9999 xx 000 0 und d | ||
| 020 | _a0-7868-8597-1 | ||
| 050 | _aBF 637. C5 C32/ | ||
| 100 | _aCarlson, Richard | ||
| 245 | 0 | _aDon’t sweat the small stuff for teens : Simple ways to keep your cool in stressful times | |
| 260 | _c2000 | ||
| 300 | _a242 p | ||
| 650 | _aTeenagers- conduct of life. | ||
| 942 | _cBK | ||
| 999 |
_c29206 _d29206 |
||